01977nam a2200349 a 4500001001000000003000900010005001700019007000300036008004100039040002500080041000800105082002300113110011300136245016200249260006500411300003300476504002900509505022700538590002700765650005200792650005200844700003200896700003000928910003800958942001400996952012101010952012101131952012101252952011601373952012101489999001701610000026392DO-SdBNP20230404111733.0ta110316s2000 dr ab 000 0 spa d aDO-SdBNPbspacBNPHU hspa 4a361.6 bR426e 2221 aRepública Dominicana.bSecretariado Técnico de la Presidencia Oficina Nacional de Planificación93202410aEstructura económica, funcional y geográfica del gasto público social en la República Dominicana 1978-1999 /cRolando M. Guzmán, Magdalena Lizardo.3 aSanto Domingo :bOficina Nacional de Planificación,c2000. a92 p. :bil., map. ;c28 cm. aBibliografía: p. 89-92 aEl ambiente monocromático 11, Estructura del gasto público 15, El gasto social 23, Estructura económica de la inversión social 43, Evolución de la equidad geográfica en la provisión de inversiones sociales 81 aInventariado, 2023/MAA aRepública DominicanaxPolítica social93223 aSeguridad socialxRepública Dominicana9832251 aGuzmán, Rolando M.9187741 aLizardo, Magdalena938602 aValidado. Control de calidad. MAA 2ddccLBS1 00102ddc56708DSaBNPHUbBNPHUcHDd2013-04-22oBNPHU DS 361.6 R426ep26392-30r2020-06-25te.3w2020-06-25yLBS1 00102ddc56708DSaBNPHUbBNPHUcHDd2013-04-22oBNPHU DS 361.6 R426ep26392-40r2020-06-25te.4w2020-06-25yLBS1 00102ddc56708DSaBNPHUbBNPHUcHDd2013-04-22oBNPHU DS 361.6 R426ep26392-50r2020-06-25te.5w2020-06-25yLBS1 00102ddc51708PDaBNPHUbBNPHUcHDd2011-03-16oBNPHU PD 361.6 R426ep26392-10r2020-06-25w2020-06-25yLBS1 00102ddc51708PDaBNPHUbBNPHUcHDd2013-04-22oBNPHU PD 361.6 R426ep26392-20r2020-06-25te.2w2020-06-25yLBS1 c25884d25884